Normal view
MARC view
Entry Personal Name
001 - CONTROL NUMBER
- control field: 58080
003 - CONTROL NUMBER IDENTIFIER
- control field: dpl
005 - DATE AND TIME OF LATEST TRANSACTION
- control field: 20231027120953.0
008 - FIXED-LENGTH DATA ELEMENTS
- fixed length control field: 231027|| aca||aabn | a|a d
040 ## - CATALOGING SOURCE
- Original cataloging agency: dpl
- Transcribing agency: dpl
100 ## - HEADING--PERSONAL NAME
- Personal name: احمد غیور اقطاب
670 ## - SOURCE DATA FOUND
- Source citation: Work cat.: (dpl)198895: احمد غیور اقطاب, پہلی دھوپ /, 2023 ء
